Teacher's guide for batteries and bulbs: introduction to electricity and magnetism (Record no. 80938)

MARC details
000 -LEADER
fixed length control field 00879nam a2200181 a 4500
008 - FIXED-LENGTH DATA ELEMENTS--GENERAL INFORMATION
fixed length control field 120416s1968 ||||||||||||||||| || u
020 ## - INTERNATIONAL STANDARD BOOK NUMBER
International Standard Book Number 0070185158
050 ## - LIBRARY OF CONGRESS CALL NUMBER
Classification number QC 533 Tea
245 00 - TITLE STATEMENT
Title Teacher's guide for batteries and bulbs: introduction to electricity and magnetism
260 ## - PUBLICATION, DISTRIBUTION, ETC.
Place of publication, distribution, etc. St. Louis
Name of publisher, distributor, etc. McGraw-Hill
Date of publication, distribution, etc. 1968
300 ## - PHYSICAL DESCRIPTION
Extent (6), 106p. : ill.
350 ## -
-- 0.00
650 ## - SUBJECT ADDED ENTRY--TOPICAL TERM
Topical term or geographic name entry element ELECTRICITY
650 ## - SUBJECT ADDED ENTRY--TOPICAL TERM
Topical term or geographic name entry element ELECTRIC BATTRIES
995 ## -
-- BINDERY (DAMAGED)
-- 0.00
-- 714229
-- CBU-MAIN LIBRARY (Kitwe)
-- 1
-- 1.50
-- QC 533 Tea
-- 1
-- DAMAGED
-- 012040
-- Main Library Open Access Collection
995 ## -
-- BINDERY (DAMAGED)
-- 0.00
-- 714227
-- CBU-MAIN LIBRARY (Kitwe)
-- 2
-- 1.50
-- QC 533 Tea
-- 2
-- DAMAGED
-- 012042
-- Main Library Open Access Collection
995 ## -
-- BINDERY (DAMAGED)
-- 0.00
-- 714228
-- CBU-MAIN LIBRARY (Kitwe)
-- 3
-- 1.50
-- QC 533 Tea
-- 3
-- DAMAGED
-- 012041
-- Main Library Open Access Collection
999 ## -
-- 80938
-- 80938
Holdings
Withdrawn status Lost status Source of classification or shelving scheme Damaged status Not for loan Permanent Location Current Location Shelving location Date acquired Total Checkouts Full call number Barcode Date last seen Copy number Price effective from Koha item type
          CBU-MAIN LIBRARY, KITWE. CBU-MAIN LIBRARY, KITWE.   07/11/2023   QC 533 Tea 012040 07/11/2023 1 07/11/2023 MONOGRAPH
          CBU-MAIN LIBRARY, KITWE. CBU-MAIN LIBRARY, KITWE.   07/11/2023   QC 533 Tea 012042 07/11/2023 2 07/11/2023 MONOGRAPH
          CBU-MAIN LIBRARY, KITWE. CBU-MAIN LIBRARY, KITWE.   07/11/2023   QC 533 Tea 012041 07/11/2023 3 07/11/2023 MONOGRAPH